La evasión tributaria en sede aduanera y la ley penal aplicable (Registro nro. 13617)

Detalles MARC
000 -LEADER
fixed length control field 00383 a2200121 4500
001 - CONTROL NUMBER
control field ART_22176
005 - DATE AND TIME OF LATEST TRANSACTION
control field 20260410161644.0
008 - FIXED-LENGTH DATA ELEMENTS--GENERAL INFORMATION
fixed length control field 260409a
100 1# - MAIN ENTRY--PERSONAL NAME
Personal name Bibiloni, Mario J.
245 10 - TITLE STATEMENT
Title La evasión tributaria en sede aduanera y la ley penal aplicable
700 1# - ADDED ENTRY--PERSONAL NAME
Personal name Farías, Andrés
773 0# - HOST ITEM ENTRY
Title Consultor tributario
Related parts - Año 7, Nº 83 (ene. 2014)
Record control number REV474

No hay ítems disponibles.